[Event "38. Open Ciudad de San Sebastián"]
[Site "San Sebastián ESP"]
[Date "2015.04.01"]
[Round "6.32"]
[White "Sanchez Merino, Christian"]
[Black "Aranaz Portugues, Jose Carlos"]
[Result "0-1"]
[WhiteElo "1730"]
[BlackElo "2121"]
[PlyCount "52"]
[EventDate "2015.03.28"]
[EventType "swiss"]
[EventRounds "9"]
[EventCountry "ESP"]
[Source "lmi"]
[SourceDate "2015.03.28"]

1. e4 e6 2. e5 d5 3. exd6 Bxd6 4. d4 Bd7 5. Bd3 Bc6 6. Nf3 Nd7 7. Nbd2 g5 8.
Ne4 h6 9. Qe2 Ngf6 10. Bd2 Qe7 11. O-O-O O-O-O 12. h3 Bf4 13. Bxf4 gxf4 14. Ne5
Nxe5 15. dxe5 Nd7 16. Nc3 Bxg2 17. Rhg1 f3 18. Qe1 Qg5+ 19. Kb1 Qxe5 20. Be4 c6
21. Qe3 Kb8 22. Rd4 Nc5 23. Rb4 f6 24. Nd5 Nxe4 25. Rxb7+ Kxb7 26. Qb3+ Ka8 0-1

[Event "38. Open Ciudad de San Sebastián"]
[Site "San Sebastián ESP"]
[Date "2015.04.01"]
[Round "6.33"]
[White "Jimenez Almeida, Luis David"]
[Black "Orube Bona, Andoni"]
[Result "1-0"]
[WhiteElo "2244"]
[BlackElo "1814"]
[PlyCount "33"]
[EventDate "2015.03.28"]
[EventType "swiss"]
[EventRounds "9"]
[EventCountry "ESP"]
[Source "lmi"]
[SourceDate "2015.03.28"]

1. e4 c5 2. Nf3 e6 3. d4 cxd4 4. Nxd4 Nf6 5. Nc3 d6 6. Bg5 Be7 7. Qd2 a6 8.
O-O-O O-O 9. f3 b5 10. h4 Nbd7 11. Nc6 Qe8 12. Nxe7+ Qxe7 13. Qxd6 Qd8 14. e5
Qa5 15. exf6 g6 16. a3 Nb6 17. Qxf8+ 1-0

[Event "38. Open Ciudad de San Sebastián"]
[Site "San Sebastián ESP"]
[Date "2015.04.01"]
[Round "6.37"]
[White "Erice Alonso, Santiago"]
[Black "Garcia Mtez De La Hidalga, Alb"]
[Result "1-0"]
[WhiteElo "1999"]
[BlackElo "1785"]
[PlyCount "69"]
[EventDate "2015.03.28"]
[EventType "swiss"]
[EventRounds "9"]
[EventCountry "ESP"]
[Source "lmi"]
[SourceDate "2015.03.28"]

1. e4 c5 2. Nf3 d6 3. Bb5+ Bd7 4. Bxd7+ Qxd7 5. O-O Nc6 6. c3 Nf6 7. d4 cxd4 8.
cxd4 Nxe4 9. d5 Ne5 10. Nxe5 dxe5 11. Re1 Nd6 12. Rxe5 g6 13. Bg5 O-O-O 14. Re2
Kb8 15. Nc3 h6 16. Be3 Bg7 17. Qb3 Bxc3 18. bxc3 Qb5 19. Qxb5 Nxb5 20. Bf4+ Ka8
21. c4 Nd6 22. c5 Nf5 23. Rd1 Rhe8 24. g4 Nh4 25. Bg3 Nf3+ 26. Kg2 Ng5 27. Bc7
Rd7 28. Bf4 Red8 29. h4 Ne6 30. dxe6 Rxd1 31. exf7 Rc8 32. Rxe7 Rdd8 33. Bxh6
a5 34. Re6 Ka7 35. Rxg6 1-0

[Event "38. Open Ciudad de San Sebastián"]
[Site "San Sebastián ESP"]
[Date "2015.04.01"]
[Round "6.39"]
[White "Buiza Prieto, Aizbeltz"]
[Black "Ruiz Egana, Xabier"]
[Result "1-0"]
[WhiteElo "1991"]
[BlackElo "1686"]
[PlyCount "35"]
[EventDate "2015.03.28"]
[EventType "swiss"]
[EventRounds "9"]
[EventCountry "ESP"]
[Source "lmi"]
[SourceDate "2015.03.28"]

1. a3 Nf6 2. e3 c5 3. Nf3 a6 4. d4 cxd4 5. exd4 d5 6. Be2 e6 7. O-O Be7 8. c4
O-O 9. Nc3 b6 10. Re1 Bb7 11. Bg5 Nbd7 12. Ne5 dxc4 13. Bxc4 Nd5 14. Bxe7 Nxe7
15. Nxf7 Qc7 16. Bxe6 Rxf7 17. Qb3 Raf8 18. Bxf7+ 1-0

[Event "38. Open Ciudad de San Sebastián"]
[Site "San Sebastián ESP"]
[Date "2015.04.01"]
[Round "6.42"]
[White "Guillo Longares, Cecilia"]
[Black "Martinez De Sor Gordon, Jose M"]
[Result "0-1"]
[WhiteElo "1759"]
[BlackElo "1962"]
[PlyCount "50"]
[EventDate "2015.03.28"]
[EventType "swiss"]
[EventRounds "9"]
[EventCountry "ESP"]
[Source "lmi"]
[SourceDate "2015.03.28"]

1. d4 f5 2. c4 b6 3. Nc3 Bb7 4. Bf4 Nf6 5. e3 d6 6. Nf3 e6 7. Be2 Be7 8. h3 O-O
9. O-O Ne4 10. Nd2 Nxc3 11. bxc3 Nd7 12. a4 a5 13. Bf3 Bxf3 14. Nxf3 Bf6 15.
Qc2 Qe8 16. Bg5 Qh5 17. Bxf6 Rxf6 18. e4 Raf8 19. Nd2 f4 20. Nf3 Rh6 21. Nh2 f3
22. Ng4 Rg6 23. Kh2 fxg2 24. Kxg2 Rxg4+ 25. Kh2 Rf3 0-1

[Event "38. Open Ciudad de San Sebastián"]
[Site "San Sebastián ESP"]
[Date "2015.04.01"]
[Round "6.46"]
[White "Martikorena Endara, Patxi"]
[Black "Arana Garate, Jon"]
[Result "0-1"]
[WhiteElo "1682"]
[BlackElo "1859"]
[PlyCount "62"]
[EventDate "2015.03.28"]
[EventType "swiss"]
[EventRounds "9"]
[EventCountry "ESP"]
[Source "lmi"]
[SourceDate "2015.03.28"]

1. e4 d6 2. d4 Nf6 3. Nc3 g6 4. Be3 c6 5. Qd2 Nbd7 6. Bd3 b5 7. a3 Nb6 8. Nge2
Bb7 9. b3 Qc7 10. f3 a6 11. Bg5 h6 12. Bh4 Bg7 13. O-O e5 14. dxe5 dxe5 15. Qe3
O-O 16. Bxf6 Bxf6 17. Qxh6 Nd7 18. f4 Bg7 19. Qg5 c5 20. Nd5 Bxd5 21. exd5 c4
22. Be4 Nf6 23. Ng3 exf4 24. Rxf4 Nh7 25. Qg4 Bxa1 26. Nf5 Bg7 27. d6 Qc5+ 28.
Kh1 gxf5 29. Rxf5 Qxd6 30. Rd5 Qh6 31. h3 Nf6 0-1

[Event "38. Open Ciudad de San Sebastián"]
[Site "San Sebastián ESP"]
[Date "2015.04.02"]
[Round "7.1"]
[White "Vazquez Igarza, Renier"]
[Black "Epishin, Vladimir"]
[Result "1/2-1/2"]
[WhiteElo "2596"]
[BlackElo "2563"]
[PlyCount "21"]
[EventDate "2015.03.28"]
[EventType "swiss"]
[EventRounds "9"]
[EventCountry "ESP"]
[Source "lmi"]
[SourceDate "2015.03.28"]

1. d4 d5 2. Nf3 Nd7 3. g3 Ngf6 4. Bg2 e6 5. O-O b5 6. Bg5 Be7 7. Nbd2 O-O 8. c3
a5 9. Ne1 c5 10. dxc5 Nxc5 11. Nd3 1/2-1/2

[Event "38. Open Ciudad de San Sebastián"]
[Site "San Sebastián ESP"]
[Date "2015.04.02"]
[Round "7.2"]
[White "Andres Gonzalez, Alberto"]
[Black "Galego, Luis"]
[Result "1/2-1/2"]
[WhiteElo "2515"]
[BlackElo "2461"]
[PlyCount "35"]
[EventDate "2015.03.28"]
[EventType "swiss"]
[EventRounds "9"]
[EventCountry "ESP"]
[Source "lmi"]
[SourceDate "2015.03.28"]

1. d4 Nf6 2. Nf3 e6 3. c4 Bb4+ 4. Bd2 Bxd2+ 5. Qxd2 O-O 6. Nc3 d6 7. g3 Qe7 8.
Bg2 c6 9. O-O Nbd7 10. Rad1 Re8 11. b3 h6 12. Nh4 Nf8 13. f4 e5 14. e4 exf4 15.
Rxf4 N8h7 16. Rff1 Bg4 17. Rde1 Rad8 18. h3 1/2-1/2

[Event "38. Open Ciudad de San Sebastián"]
[Site "San Sebastián ESP"]
[Date "2015.04.02"]
[Round "7.3"]
[White "Pap, Misa"]
[Black "Libiszewski, Fabien"]
[Result "1/2-1/2"]
[WhiteElo "2459"]
[BlackElo "2514"]
[PlyCount "45"]
[EventDate "2015.03.28"]
[EventType "swiss"]
[EventRounds "9"]
[EventCountry "ESP"]
[Source "lmi"]
[SourceDate "2015.03.28"]

1. e4 e6 2. d4 d5 3. Nd2 Be7 4. e5 c5 5. c3 Nc6 6. Bd3 Nh6 7. Ndf3 cxd4 8. cxd4
f6 9. Bxh6 gxh6 10. Ne2 fxe5 11. dxe5 Qa5+ 12. Kf1 O-O 13. Qc1 Qb6 14. Qxh6 Rf7
15. Qh5 Bd7 16. Rd1 Raf8 17. h4 Rg7 18. Rh3 Be8 19. Qh6 Nxe5 20. Rg3 Bg6 21.
Bxg6 hxg6 22. Ned4 Bc5 23. Qe3 1/2-1/2

[Event "38. Open Ciudad de San Sebastián"]
[Site "San Sebastián ESP"]
[Date "2015.04.02"]
[Round "7.4"]
[White "Chabanon, Jean-luc"]
[Black "Cruz Lledo, Pablo"]
[Result "1/2-1/2"]
[WhiteElo "2491"]
[BlackElo "2284"]
[PlyCount "73"]
[EventDate "2015.03.28"]
[EventType "swiss"]
[EventRounds "9"]
[EventCountry "ESP"]
[Source "lmi"]
[SourceDate "2015.03.28"]

1. c4 c6 2. Nf3 d5 3. e3 Nf6 4. Nc3 g6 5. d4 Bg7 6. Bd3 O-O 7. O-O Bg4 8. h3
Bxf3 9. Qxf3 e6 10. Rd1 Nbd7 11. b3 a5 12. Bb2 Qb8 13. Rac1 Re8 14. Qe2 dxc4
15. bxc4 e5 16. Qd2 exd4 17. exd4 Nh5 18. Be4 Nb6 19. c5 Nc4 20. Qe2 Nxb2 21.
Qxb2 Nf4 22. Bf3 Ne6 23. Ne4 Qf4 24. Rc4 Rad8 25. Qc3 Nxd4 26. Rcxd4 Rxd4 27.
Rxd4 Qe5 28. Rd7 Qxe4 29. Bxe4 Bxc3 30. f3 f5 31. Bc2 f4 32. Rxb7 Re2 33. Bb3+
Kh8 34. Rb8+ Kg7 35. Rb7+ Kh8 36. Rb8+ Kg7 37. Rb7+ 1/2-1/2

[Event "38. Open Ciudad de San Sebastián"]
[Site "San Sebastián ESP"]
[Date "2015.04.02"]
[Round "7.6"]
[White "Borsos, Bogdan"]
[Black "Espinosa Aranda, Angel"]
[Result "0-1"]
[WhiteElo "2202"]
[BlackElo "2408"]
[PlyCount "90"]
[EventDate "2015.03.28"]
[EventType "swiss"]
[EventRounds "9"]
[EventCountry "ESP"]
[Source "lmi"]
[SourceDate "2015.03.28"]

1. Nf3 c5 2. g3 g6 3. c4 Bg7 4. Nc3 Nc6 5. Bg2 e6 6. O-O Nge7 7. a3 O-O 8. Rb1
d5 9. d3 b6 10. Bd2 Bb7 11. b4 cxb4 12. axb4 dxc4 13. dxc4 a5 14. b5 Ne5 15.
Nxe5 Bxg2 16. Nxf7 Rxf7 17. Kxg2 Rc8 18. Rc1 Rxc4 19. Qb3 Qd4 20. Kg1 a4 21.
Qa2 Nd5 22. Nb1 Rfc7 23. Na3 Rxc1 24. Bxc1 Kf7 25. Nb1 Qc4 26. Qd2 Qc2 27. Qxc2
Rxc2 28. e4 Nc3 29. Nxc3 Bxc3 30. Ba3 Bd4 31. Bd6 e5 32. Kh1 Ke6 33. Bb4 Rxf2
34. Rc1 Rb2 35. Rc4 Rb3 36. Bf8 Rf3 37. Rc6+ Kd7 38. Bb4 a3 39. Rd6+ Ke8 40.
Re6+ Kf7 41. Re7+ Kf6 42. Ra7 Rf1+ 43. Kg2 Rf2+ 44. Kh3 a2 45. Be1 Re2 0-1

[Event "38. Open Ciudad de San Sebastián"]
[Site "San Sebastián ESP"]
[Date "2015.04.02"]
[Round "7.7"]
[White "Andres Gonzalez, Ivan"]
[Black "Martinez De Miguel, Pedro"]
[Result "1-0"]
[WhiteElo "2360"]
[BlackElo "2110"]
[PlyCount "95"]
[EventDate "2015.03.28"]
[EventType "swiss"]
[EventRounds "9"]
[EventCountry "ESP"]
[Source "lmi"]
[SourceDate "2015.03.28"]

1. e4 c5 2. Nc3 Nc6 3. Bb5 Nd4 4. Bc4 e6 5. Nf3 Ne7 6. Nxd4 cxd4 7. Ne2 Nc6 8.
O-O Be7 9. d3 a6 10. a3 b5 11. Ba2 Bb7 12. Ng3 Qc7 13. c4 b4 14. Bb3 Qa5 15.
Bd2 Qc5 16. f4 h5 17. e5 h4 18. Ne4 Qb6 19. h3 f5 20. exf6 gxf6 21. c5 Qc7 22.
f5 Ne5 23. Qe2 Bxe4 24. Qxe4 Qc6 25. Qxc6 dxc6 26. axb4 exf5 27. Rf4 Nxd3 28.
Rxd4 Ne5 29. Be6 Bd8 30. Bxf5 Rh5 31. Bc2 Ra7 32. Kf1 Bc7 33. Be1 Ke7 34. Bxh4
Ke6 35. Bf2 Nd7 36. Bd1 Rg5 37. Bg4+ f5 38. Be2 Be5 39. Bc4+ Kf6 40. Rd2 Rg7
41. Rxa6 Rxa6 42. Bxa6 Nb8 43. Bh4+ Kg6 44. Bd3 Kh5 45. Be1 Kg5 46. Re2 Bf4 47.
Re6 Bc1 48. h4+ 1-0

[Event "38. Open Ciudad de San Sebastián"]
[Site "San Sebastián ESP"]
[Date "2015.04.02"]
[Round "7.8"]
[White "Al-hajiri, Bader"]
[Black "Boricsev, Oleg"]
[Result "1-0"]
[WhiteElo "2115"]
[BlackElo "2356"]
[PlyCount "89"]
[EventDate "2015.03.28"]
[EventType "swiss"]
[EventRounds "9"]
[EventCountry "ESP"]
[Source "lmi"]
[SourceDate "2015.03.28"]

1. e4 c6 2. d4 g6 3. Nc3 d5 4. Nf3 dxe4 5. Nxe4 Bg7 6. c3 Nf6 7. Nxf6+ exf6 8.
Bc4 O-O 9. O-O Nd7 10. Bd2 b5 11. Bb3 Nb6 12. Re1 Bf5 13. Nh4 Bd7 14. Qf3 Nc4
15. Bxc4 bxc4 16. Rad1 Qa5 17. Re7 Be6 18. Qxc6 Rfc8 19. Qe4 f5 20. Qe2 Qxa2
21. Bg5 Bd5 22. Re1 Be4 23. f3 Bd3 24. Qe3 Qa6 25. Rd7 Bf6 26. g3 Bxg5 27. Qxg5
Re8 28. Rde7 Rxe7 29. Qxe7 Qb6 30. Qa3 Qc6 31. Re3 f4 32. Re5 Rb8 33. Qxa7 Rxb2
34. d5 Qb5 35. Ng2 Qb3 36. Re8+ Kg7 37. Qd4+ Kh6 38. Qxf4+ g5 39. Qf6+ Bg6 40.
h4 Qd1+ 41. Kh2 Qxd5 42. Re5 Rxg2+ 43. Kxg2 Qd2+ 44. Kh3 gxh4 45. Rh5+ 1-0

[Event "38. Open Ciudad de San Sebastián"]
[Site "San Sebastián ESP"]
[Date "2015.04.02"]
[Round "7.9"]
[White "Vinal Gutierrez, Pedro"]
[Black "Hernandez, Elvis"]
[Result "0-1"]
[WhiteElo "2100"]
[BlackElo "2308"]
[PlyCount "44"]
[EventDate "2015.03.28"]
[EventType "swiss"]
[EventRounds "9"]
[EventCountry "ESP"]
[Source "lmi"]
[SourceDate "2015.03.28"]

1. d4 g6 2. Nf3 Bg7 3. Bf4 d6 4. h3 Nd7 5. e3 b6 6. Bc4 e6 7. c3 Bb7 8. Nbd2 h6
9. Qe2 a6 10. e4 Ne7 11. O-O g5 12. Bh2 Ng6 13. Rfe1 h5 14. Kh1 g4 15. Ng1 Bh6
16. Rad1 Qg5 17. Nf1 Ke7 18. Qe3 Qf6 19. e5 Qg7 20. exd6+ cxd6 21. Qe2 gxh3 22.
Nxh3 Bxg2+ 0-1

[Event "38. Open Ciudad de San Sebastián"]
[Site "San Sebastián ESP"]
[Date "2015.04.02"]
[Round "7.10"]
[White "Sanchez Botella, Luis Javier"]
[Black "Encinas Encinas, Alvaro"]
[Result "1-0"]
[WhiteElo "2259"]
[BlackElo "2076"]
[PlyCount "105"]
[EventDate "2015.03.28"]
[EventType "swiss"]
[EventRounds "9"]
[EventCountry "ESP"]
[Source "lmi"]
[SourceDate "2015.03.28"]

1. d4 Nf6 2. c4 c6 3. Nf3 d5 4. Qc2 Bg4 5. Nbd2 e6 6. g3 Bd6 7. Bg2 Nbd7 8. O-O
Qb8 9. e4 dxe4 10. Nxe4 Nxe4 11. Qxe4 Nf6 12. Qe2 h5 13. h3 Bxf3 14. Bxf3 h4
15. g4 Kf8 16. Bd2 Qd8 17. Bg2 Bb8 18. Bc3 Qd6 19. f4 a6 20. Rad1 Bc7 21. a3
Kg8 22. Qe5 Qd8 23. Qe3 Qd6 24. Bb4 Qd7 25. g5 Nh5 26. d5 exd5 27. cxd5 cxd5
28. Rxd5 Qe6 29. Qxe6 fxe6 30. Rd7 Bxf4 31. Bxb7 Re8 32. g6 Rh6 33. Be4 Nf6 34.
Re7 Rxe7 35. Bxe7 Nxe4 36. Rxf4 Rxg6+ 37. Kh2 Ng5 38. b4 e5 39. Rf8+ Kh7 40.
Rf5 Ne4 41. Bxh4 Nd2 42. Be1 Nc4 43. a4 e4 44. Rc5 Ne3 45. Re5 Nf1+ 46. Kh1 e3
47. a5 Kg8 48. h4 Kf7 49. Rf5+ Rf6 50. Rxf6+ Kxf6 51. b5 Nd2 52. bxa6 Nf3 53.
Bc3+ 1-0

[Event "38. Open Ciudad de San Sebastián"]
[Site "San Sebastián ESP"]
[Date "2015.04.02"]
[Round "7.11"]
[White "Argandona Riveiro, Inigo"]
[Black "Troffiguer, Olivier"]
[Result "1-0"]
[WhiteElo "2412"]
[BlackElo "2092"]
[PlyCount "87"]
[EventDate "2015.03.28"]
[EventType "swiss"]
[EventRounds "9"]
[EventCountry "ESP"]
[Source "lmi"]
[SourceDate "2015.03.28"]

1. Nf3 Nf6 2. c4 b6 3. g3 Bb7 4. Bg2 e6 5. O-O Be7 6. Nc3 O-O 7. Re1 Ne4 8.
Nxe4 Bxe4 9. d3 Bb7 10. e4 c5 11. d4 cxd4 12. Nxd4 d6 13. b3 a6 14. Bb2 Nd7 15.
Qg4 Ne5 16. Qe2 Qc7 17. h4 Rfe8 18. a4 Bf8 19. Rad1 Rad8 20. Nf3 Nxf3+ 21. Bxf3
Bc6 22. e5 dxe5 23. Bxe5 Qb7 24. Bxc6 Qxc6 25. Rxd8 Rxd8 26. Rd1 Rxd1+ 27. Qxd1
f6 28. Bf4 e5 29. Be3 Bc5 30. Bxc5 Qxc5 31. Qd7 a5 32. Qe8+ Qf8 33. Qe6+ Qf7
34. Qxb6 Qd7 35. Qxa5 Qd1+ 36. Kg2 Qc2 37. Qd5+ Kf8 38. c5 e4 39. Qc4 Qd1 40.
Qxe4 Qxb3 41. c6 Qb6 42. Qd5 g5 43. hxg5 fxg5 44. a5 1-0

[Event "38. Open Ciudad de San Sebastián"]
[Site "San Sebastián ESP"]
[Date "2015.04.02"]
[Round "7.12"]
[White "Perez Calahorra, Ricardo"]
[Black "Aranaz Murillo, Amalia"]
[Result "1-0"]
[WhiteElo "2090"]
[BlackElo "2319"]
[PlyCount "184"]
[EventDate "2015.03.28"]
[EventType "swiss"]
[EventRounds "9"]
[EventCountry "ESP"]
[Source "lmi"]
[SourceDate "2015.03.28"]

1. d4 e6 2. e4 d5 3. Nd2 c5 4. Ngf3 cxd4 5. exd5 Qxd5 6. Bc4 Qd7 7. O-O Nc6 8.
Nb3 Nf6 9. Nbxd4 Nxd4 10. Qxd4 Qxd4 11. Nxd4 a6 12. Bf4 Bc5 13. Rfd1 O-O 14.
Be2 Re8 15. Nb3 Bb6 16. Nd2 e5 17. Bg3 Bf5 18. Nc4 Bc7 19. Ne3 Be4 20. c4 Bb6
21. Rd2 Bc6 22. Bf3 Ne4 23. Bxe4 Bxe4 24. Nd5 Bd8 25. f3 Bf5 26. Rad1 f6 27.
Bf2 Rc8 28. b3 Kf7 29. Kf1 Be6 30. Nb6 Bxb6 31. Bxb6 Rc6 32. c5 Rcc8 33. Kf2 f5
34. Rd6 Re7 35. R1d2 g6 36. Re2 Bd7 37. Rd5 e4 38. fxe4 fxe4 39. Ke3 Bc6 40.
Rd6 Kg7 41. Rf2 Rf8 42. Rxf8 Kxf8 43. Rd1 Kg7 44. Ba5 h6 45. Bc3+ Kh7 46. Rd8
g5 47. Rd6 Bb5 48. a4 Bc6 49. Rf6 g4 50. Rd6 h5 51. Rf6 Be8 52. Rd6 Bg6 53. c6
bxc6 54. Rxc6 Rd7 55. Bd4 a5 56. Rc8 Kh6 57. Rc5 Rb7 58. Rb5 Rc7 59. Rxa5 Rc1
60. Kf4 Rf1+ 61. Kg3 Re1 62. Re5 Rb1 63. Be3+ Kg7 64. Rb5 Bf7 65. b4 Bc4 66.
Rxh5 Rxb4 67. Rg5+ Kf6 68. Rxg4 Be6 69. Rf4+ Ke5 70. a5 Rb3 71. Kf2 Rb2+ 72.
Kg1 Rb3 73. Bc1 Bc4 74. Rf2 Rb1 75. Rc2 Kd4 76. Kf2 Kd3 77. Rd2+ Kc3 78. Rd1
Kc2 79. Re1 Bd3 80. Be3 Rb5 81. Bb6 Kd2 82. Be3+ Kc2 83. Rc1+ Kb2 84. Rc5 Rb7
85. g4 Rf7+ 86. Rf5 Rc7 87. g5 Rc2+ 88. Kg3 Re2 89. Bd4+ Kb3 90. Rf6 Kc4 91.
Bb6 e3 92. Re6 Kd5 1-0

[Event "38. Open Ciudad de San Sebastián"]
[Site "San Sebastián ESP"]
[Date "2015.04.02"]
[Round "7.14"]
[White "Gonzalez Pereira, Asier"]
[Black "Capote Robayna, Nathaniel"]
[Result "1/2-1/2"]
[WhiteElo "2068"]
[BlackElo "2277"]
[PlyCount "37"]
[EventDate "2015.03.28"]
[EventType "swiss"]
[EventRounds "9"]
[EventCountry "ESP"]
[Source "lmi"]
[SourceDate "2015.03.28"]

1. e4 c5 2. Nf3 e6 3. d4 cxd4 4. Nxd4 Nc6 5. Nc3 Qc7 6. g3 a6 7. Bg2 Nf6 8. O-O
Nxd4 9. Qxd4 Bc5 10. Bf4 d6 11. Qd2 h6 12. Rad1 e5 13. Be3 Be6 14. Bxc5 dxc5
15. Nd5 Bxd5 16. exd5 Qd6 17. Rfe1 O-O 18. Qe3 Rfe8 19. c4 1/2-1/2

[Event "38. Open Ciudad de San Sebastián"]
[Site "San Sebastián ESP"]
[Date "2015.04.02"]
[Round "7.16"]
[White "Lopez De Turiso, Jose Angel"]
[Black "Prosviriakov, Vladimir"]
[Result "0-1"]
[WhiteElo "2046"]
[BlackElo "2227"]
[PlyCount "69"]
[EventDate "2015.03.28"]
[EventType "swiss"]
[EventRounds "9"]
[EventCountry "ESP"]
[Source "lmi"]
[SourceDate "2015.03.28"]

1. e4 e6 2. d4 d5 3. exd5 exd5 4. Nf3 Nc6 5. Bb5 Bd6 6. O-O Nge7 7. c4 dxc4 8.
Bxc4 O-O 9. Be3 Bg4 10. h3 Bh5 11. a3 Nf5 12. g4 Nxe3 13. fxe3 Bg6 14. Nc3 Qe7
15. Qd2 Rad8 16. Qf2 Na5 17. Nd5 Qe8 18. Ba2 c5 19. Kg2 c4 20. Nc3 f5 21. Qe2
fxg4 22. hxg4 Kh8 23. e4 Rf4 24. Ng5 Qd7 25. Rxf4 Bxf4 26. Nh3 Bb8 27. Rd1 Nc6
28. Nd5 Re8 29. Nf2 Bxe4+ 30. Nxe4 Qxd5 31. Qf3 Qxe4 32. Qxe4 Rxe4 33. Kf3 Rxd4
34. Rxd4 Nxd4+ 35. Ke4 0-1

[Event "38. Open Ciudad de San Sebastián"]
[Site "San Sebastián ESP"]
[Date "2015.04.02"]
[Round "7.18"]
[White "Iagar, Razvan-gabriel"]
[Black "Bayo Milagro, Alvaro"]
[Result "1/2-1/2"]
[WhiteElo "2189"]
[BlackElo "1996"]
[PlyCount "32"]
[EventDate "2015.03.28"]
[EventType "swiss"]
[EventRounds "9"]
[EventCountry "ESP"]
[Source "lmi"]
[SourceDate "2015.03.28"]

1. d4 d5 2. c4 e6 3. Nf3 c6 4. Qc2 Bd6 5. g3 f5 6. Bg2 Nf6 7. O-O O-O 8. b3
Nbd7 9. Ba3 Bxa3 10. Nxa3 Ne4 11. Rad1 Rf6 12. Nb1 Qe8 13. Ne5 Rh6 14. f3 Nef6
15. Rf2 Qh5 16. Bf1 g5 1/2-1/2

[Event "38. Open Ciudad de San Sebastián"]
[Site "San Sebastián ESP"]
[Date "2015.04.02"]
[Round "7.19"]
[White "Llano Olabarrieta, Joseba"]
[Black "Pastor Pons, Pedro Maria"]
[Result "1-0"]
[WhiteElo "1958"]
[BlackElo "2147"]
[PlyCount "95"]
[EventDate "2015.03.28"]
[EventType "swiss"]
[EventRounds "9"]
[EventCountry "ESP"]
[Source "lmi"]
[SourceDate "2015.03.28"]

1. e4 g6 2. d4 Bg7 3. c4 d6 4. Nc3 Nd7 5. Nf3 e5 6. d5 Ngf6 7. Be2 O-O 8. O-O
h6 9. h3 Ne8 10. g4 Kh7 11. Ne1 Bf6 12. Nf3 Bg5 13. Nxg5+ hxg5 14. Be3 Kg7 15.
Qd2 f6 16. b4 Qe7 17. Kg2 Rh8 18. f3 Kg8 19. Rac1 Kg7 20. Rc2 Kg8 21. Qc1 Rh7
22. Nb1 c5 23. a3 b6 24. Nd2 Nc7 25. Nb3 Na6 26. Qd2 Nf8 27. Rb2 Qd8 28. Rfb1
Nd7 29. Bd3 Kf7 30. Bc2 Qc7 31. Nc1 Bb7 32. Nd3 Rah8 33. Nf2 Bc8 34. Ba4 Nf8
35. Rh1 Rh6 36. Bc6 Nh7 37. bxc5 dxc5 38. Bb5 Qd6 39. Nd3 Nc7 40. a4 Nxb5 41.
cxb5 Qd8 42. Rbb1 f5 43. Nxe5+ Ke8 44. Nc6 Qd7 45. Qb2 Nf8 46. Qe5+ Kf7 47. Qb8
Bb7 48. Ne5+ 1-0

[Event "38. Open Ciudad de San Sebastián"]
[Site "San Sebastián ESP"]
[Date "2015.04.02"]
[Round "7.22"]
[White "Ouadi, Wahbi"]
[Black "Jimenez Almeida, Luis David"]
[Result "1-0"]
[WhiteElo "1896"]
[BlackElo "2244"]
[PlyCount "61"]
[EventDate "2015.03.28"]
[EventType "swiss"]
[EventRounds "9"]
[EventCountry "ESP"]
[Source "lmi"]
[SourceDate "2015.03.28"]

1. e4 e6 2. f4 d5 3. e5 c5 4. Nf3 Nc6 5. c3 Nh6 6. Na3 Nf5 7. Nc2 a6 8. Bd3 b5
9. Bxf5 exf5 10. d4 c4 11. O-O Be7 12. Ne3 O-O 13. Kh1 h6 14. Ng1 Be6 15. Qh5
Qd7 16. g4 g6 17. Qxh6 fxg4 18. f5 gxf5 19. Qh5 Nxe5 20. dxe5 d4 21. Nxf5 Bxf5
22. Rxf5 Qc6+ 23. Nf3 Qg6 24. Nxd4 Kg7 25. Qxg6+ Kxg6 26. Bf4 Rad8 27. Rf1 Rxd4
28. cxd4 Kxf5 29. Bh6+ Ke6 30. Bxf8 Bxf8 31. Rf6+ 1-0

[Event "38. Open Ciudad de San Sebastián"]
[Site "San Sebastián ESP"]
[Date "2015.04.02"]
[Round "7.24"]
[White "Aranaz Portugues, Jose Carlos"]
[Black "Puga Senar, Fernando"]
[Result "1-0"]
[WhiteElo "2121"]
[BlackElo "1796"]
[PlyCount "43"]
[EventDate "2015.03.28"]
[EventType "swiss"]
[EventRounds "9"]
[EventCountry "ESP"]
[Source "lmi"]
[SourceDate "2015.03.28"]

1. d4 Nf6 2. Bg5 e6 3. e4 Be7 4. Nd2 d5 5. e5 Nfd7 6. h4 c5 7. c3 Nc6 8. Ndf3
cxd4 9. Bxe7 Qxe7 10. cxd4 f6 11. exf6 Nxf6 12. Bd3 Qb4+ 13. Qd2 Qxd2+ 14. Kxd2
Bd7 15. Nh3 Ke7 16. Rhe1 Rhe8 17. Rac1 Kd6 18. Nhg5 e5 19. dxe5+ Nxe5 20. Nxe5
Ne4+ 21. Bxe4 dxe4 22. Nxd7 1-0

[Event "38. Open Ciudad de San Sebastián"]
[Site "San Sebastián ESP"]
[Date "2015.04.02"]
[Round "7.25"]
[White "Sadusea, Johnny"]
[Black "Darrigues, Alain"]
[Result "1-0"]
[WhiteElo "2071"]
[BlackElo "1863"]
[PlyCount "73"]
[EventDate "2015.03.28"]
[EventType "swiss"]
[EventRounds "9"]
[EventCountry "ESP"]
[Source "lmi"]
[SourceDate "2015.03.28"]

1. e4 c5 2. Nc3 Nc6 3. Bb5 Nd4 4. a4 e6 5. f4 Nxb5 6. axb5 d5 7. d3 Nf6 8. Nf3
Be7 9. O-O O-O 10. Qe2 d4 11. Nb1 Bd7 12. Na3 a6 13. bxa6 Rxa6 14. Bd2 Qa8 15.
Rac1 Rd8 16. Ne5 Be8 17. Rf3 b5 18. Rh3 Bd6 19. Rf1 c4 20. Nb1 Ra1 21. Nf3 Nd7
22. e5 Bc5 23. Ng5 Nf8 24. Nxh7 Qa2 25. Qh5 Ng6 26. f5 Rxb1 27. fxg6 Rxf1+ 28.
Kxf1 Qb1+ 29. Ke2 fxg6 30. Nf6+ Kf7 31. Qf3 Qxc2 32. Nxe8+ Ke7 33. Nd6 Bxd6 34.
exd6+ Kxd6 35. Qb7 Qxb2 36. dxc4 b4 37. c5+ 1-0

[Event "38. Open Ciudad de San Sebastián"]
[Site "San Sebastián ESP"]
[Date "2015.04.02"]
[Round "7.26"]
[White "Carrascal Rosal, Alberto"]
[Black "Abalia Patino, Aritz"]
[Result "0-1"]
[WhiteElo "1884"]
[BlackElo "2049"]
[PlyCount "74"]
[EventDate "2015.03.28"]
[EventType "swiss"]
[EventRounds "9"]
[EventCountry "ESP"]
[Source "lmi"]
[SourceDate "2015.03.28"]

1. d4 Nf6 2. c4 e6 3. Nf3 b6 4. g3 Bb7 5. Bg2 Be7 6. O-O O-O 7. Nc3 d5 8. Ne5
c6 9. e4 dxc4 10. Be3 b5 11. a3 Nbd7 12. f4 a5 13. h3 Qc7 14. Rc1 Rfd8 15. g4
b4 16. axb4 axb4 17. Ne2 c5 18. Ng3 Nxe5 19. fxe5 cxd4 20. exf6 dxe3 21. Qe2
Rd2 22. Qf3 Bxf6 23. Kh1 Rf8 24. Qxe3 Rd3 25. Qxd3 Qe5 26. Qc2 Qxg3 27. Qxc4
Be5 28. Kg1 Qh2+ 29. Kf2 Bg3+ 30. Kf3 Bf4 31. Kf2 Qg3+ 32. Kg1 Bxc1 33. Rxc1 h6
34. Qc7 Qe3+ 35. Kh2 Rc8 36. Qxb7 Qxc1 37. Qxb4 Qf4+ 0-1